000 00508nam a22001697a 4500
003 OSt
020 _a9788131722897
040 _c0
082 _222
_a005.117
100 _aBooch, Grady...[et al.]
245 _aObject - oranted analysis and design with application /
250 _a3 rd.
260 _aNew Delhi,
_bPerson Education,
_cc2009.
300 _axxiii,699 p. ;
_bill. ;
_c24 cm.
700 _aMaksimchuk, Robert A ; Engle, Michael W. Wong, Bobbi J. ;Sonallen Jem and Houston A
942 _2ddc
_cIT
_06
999 _c4642
_d4642